Možnosti a limity implementácie islamského ekonomického myslenia v postsovietskych republikách Strednej Ázie a Zakaukazska

Návrat islamu. Islamizácia s obmedzeniami a limitmi. Všeobecne o islamizácii finančného sektora. Islamský ekonomický model v Kazachstane a Kirgizsku. Vývoj na Kaukaze na príklade Azerbajdžanu. Zakát (as-zakáh) a jeho význam pre islamské ekonomické myslenie.

Saved in:
Bibliographic Details
Main Author: Čech, Ľubomír, 1955-
Format: Book Chapter
Language:Slovak
Subjects:
Tags: Add Tag
No Tags, Be the first to tag this record!

MARC

LEADER 00000naa$a2200000$$$4500
001 0257464
005 20240502074102.3
041 0 |a slo 
044 |a SK 
245 1 0 |a Možnosti a limity implementácie islamského ekonomického myslenia v postsovietskych republikách Strednej Ázie a Zakaukazska  |c Ľubomír Čech 
520 |a Návrat islamu. Islamizácia s obmedzeniami a limitmi. Všeobecne o islamizácii finančného sektora. Islamský ekonomický model v Kazachstane a Kirgizsku. Vývoj na Kaukaze na príklade Azerbajdžanu. Zakát (as-zakáh) a jeho význam pre islamské ekonomické myslenie. 
610 2 0 |a islam 
610 2 0 |a sektor finančný 
610 2 0 |a financie 
610 2 0 |a myslenie ekonomické 
100 1 |a Čech, Ľubomír, 1955-